00446cam a2200169ua 4500001000500000005001700005008003900022040000900061082001100070100003100081245003700112250002400149260004100173300001300214653001200227653003700239600220260515113951.0131030n ii |||gr||||Z||||||eng cMAIN a973.03 aMorris,Richard M,eEditor. aEncyclopedia of American History a1st Indian Reprint. aDelhi:bUniversal Book Stall,c1965. axi,809p. aHistory aEncyclopedia of American History